Loading...
| Science - Biology | 0 | 4 | 0 | 3 | 40 | 70 | 98.75 | 0 | 3 | 7.13 | 19.32 |
| Mythology | 0 | 3 | 0 | 0 | 30 | 84 | 93.33 | 0 | 0 | 8.33 | 17.50 |
| Science - Other | 0 | 2 | 0 | 1 | 20 | 108 | 114.50 | 0 | 0 | 1.25 | 5.68 |
| Literature - British | 0 | 2 | 0 | 0 | 20 | 84 | 90.00 | 1 | 1 | 6.50 | 13.64 |
| Literature - American | 1 | 0 | 0 | 0 | 15 | 65 | 65.00 | 1 | 1 | 5.42 | 9.09 |
| Philosophy | 1 | 0 | 1 | 0 | 10 | 69 | 69.00 | 0 | 1 | 4.55 | 7.95 |
| Literature - European | 0 | 1 | 0 | 0 | 10 | 105 | 105.00 | 0 | 0 | 2.02 | 2.27 |
| Science - Physics | 0 | 1 | 1 | 1 | 5 | 133 | 133.00 | 0 | 0 | 0.07 | 1.14 |
| Science - Chemistry | 0 | 1 | 1 | 1 | 5 | 131 | 131.00 | 0 | 0 | 0.20 | 2.27 |
| Social Science | 0 | 0 | 0 | 0 | 0 | 0.00 | 0 | 0 | 0.00 | 0.00 | |
| Fine Arts - Other | 0 | 0 | 0 | 0 | 0 | 0.00 | 0 | 0 | 0.00 | 0.00 | |
| Literature - World | 0 | 0 | 0 | 0 | 0 | 0.00 | 0 | 0 | 0.00 | 0.00 | |
| Fine Arts - Auditory | 0 | 0 | 0 | 0 | 0 | 0.00 | 0 | 0 | 0.00 | 0.00 | |
| Pop Culture | 0 | 0 | 1 | 0 | -5 | 0.00 | 0 | 0 | 0.00 | 0.00 | |
| Fine Arts - Visual | 0 | 0 | 1 | 0 | -5 | 0.00 | 0 | 0 | 0.00 | 0.00 | |
| Religion | 0 | 0 | 1 | 0 | -5 | 0.00 | 0 | 0 | 0.00 | 0.00 |